01676nam a22002297a 450000500170000000800410001702000180005804000070007604100080008308200220009110000230011324500130013626000320014930000280018136500330020952009540024265000280119665000310122494200120125599900190126795201600128620260129145213.0230607b ||||| |||| 00| 0 eng d q9780099469681 cAL aeng 223a823.914bMCES aIan McEwan9253157 aSaturday aLondonbVintage Booksc2005 axii,279p.bPBc19x13cm. 2Englishb820.00c₹d820.00 aSaturday, February 15, 2003. Henry Perowne is a contented man - a successful neurosurgeon, the devoted husband of Rosalind, and proud father of two grown-up children. Unusually, he wakes before dawn, drawn to the window of his bedroom and filled with a growing unease. As he looks out at the night sky, he is troubled by the state of the world - the impending war against Iraq, a gathering pessimism since 9/11, and a fear that his city and his happy family life are under threat. Later, as Perowne makes his way through London streets filled with hundreds of thousands of anti-war protestors, a minor car accident brings him into a confrontation with Baxter, a fidgety, aggressive young man, on the edge of violence. To Perowne's professional eye, there appears to be something profoundly wrong with him. But it is not until Baxter makes a sudden appearance as the Perowne family gathers for a reunion, that Henry's fears seem about to be realised. aEnglish Fiction9121734 aEnglish Literature9121735 2ddccDB c227441d227441 00102ddc40708ENGaALbALd2023-06-01l0o823.914 MCESpD04941r2023-06-07 00:00:00v820.00w2023-06-07yDBzDonated by Thilak Desingh Used Book Factory